completa il proverbio - Statistics

Statistiche generali
  • Questo quiz è stato fatto 479 volte
  • Il punteggio medio è 19 su 30
Statistiche sulle risposte
proverbio completamento % Corretto
a mali estremi estremi rimedi
95%
tutti per uno uno per tutti
93%
chi dorme non piglia pesci
91%
il lupo perde il pelo ma non il vizio
89%
a carnevale ogni scherzo vale
87%
chi non risica non rosica
86%
chi si fa gli affari propri campa cent'anni
85%
a caval donato non si guarda in bocca
84%
non svegliare can che dorme
80%
sposa bagnata sposa fortunata
80%
date a cesare quel che è di cesare
77%
fidarsi è bene non fidarsi è meglio
75%
chi va a piano va sano e va lontano
74%
nella botte piccola ci sta il vino buono
73%
gallina vecchia fa buon brodo
68%
chi semina vento raccoglie tempesta
68%
ambasciator non porta pena
67%
altezza mezza bellezza
65%
l'erba del vicino è sempre più verde
65%
chi troppo vuole nulla stringe
65%
chi la dura la vince
63%
gatta ci cova
48%
a menar il can per l'aia
43%
campa cavallo che l'erba cresce
42%
domandare è lecito rispondere è cortesia
41%
la mela non cade mai lontana dall'albero
40%
chi si loda si imbroda
36%
il pesce puzza dalla testa
25%
asino di natura chi non sa leggere la sua scrittura
14%
lavoro duro pane sicuro
1%
Nessun quiz corrispondente trovato
Distribuzione punteggi
Percentuale di utenti per punteggio
Percentile per numero di risposta
I tuoi punteggi nel tempo
Non hai fatto questo quiz